| 000 | 004640000a22001210004500 | ||
|---|---|---|---|
| 090 |
_aAS _bSeriadas |
||
| 245 | 1 | 0 | _aSinopsis de Parapartamona (<Hymenoptera: Apidae: Meliponini>), un género estrictamente andino |
| 041 | 0 | _aEspañol | |
| 700 | 1 |
_aNates Parra, Guiomar _95315 |
|
| 100 | 1 |
_aGonzález B., Víctor Hugo _999130 |
|
| 942 | _cARTICULO | ||
| 773 | 1 |
_tRevista de la Academia Colombiana de Ciencias Exactas, Fisicas y Naturales _332 _hSupl. Esp. _q171-179 _d1999 _g23 |
|
| 999 |
_c14145 _d14145 |
||